Winter football transfers 23/24 - Statistics

General Stats
  • This quiz has been taken 33 times
    17 since last reset
  • The average score is 21 of 28
Answer Stats
Transfer Fee Player % Correct
Tottenham Hotspur -> Bayern Munich 4 M Eric Dier
100%
Chelsea -> Borussia Dortmund On Loan Ian Maatsen
100%
Man United -> Borussia Dortmund On Loan Jadon Sancho
100%
Al Ettifaq -> Ajax Free Jordan Henderson
100%
Man United -> Eintracht Frankfurt On Loan Donny van de Beek
92%
Liverpool -> Hull City On Loan Fábio Carvalho
92%
Manchester City -> West Ham On Loan Kalvin Phillips
92%
Genoa -> Tottenham Hotspur 25 M Radu Draguşin
92%
Galatasaray -> Bayern Munich 30 M Sacha Boey
92%
West Ham -> AS Monaco On Loan Thilo Kehrer
92%
RB Leipzig -> Tottenham Hotspur On Loan Timo Werner
92%
Manchester United -> Granada On Loan Facundo Pellistri
85%
Tottenham Hotspur -> Hajduk Split On Loan Ivan Perisic
85%
Chelsea -> Fulham On Loan (4 M) Armando Broja
77%
Royal Antwerp -> Atletico Madrid 25 M Arthur Vermeeren
77%
Napoli -> RB Leipzig 25 M Eljif Elmas
77%
Union Berlin -> Real Sociedad 5 M Sheraldo Becker
77%
Borussia Dortmund -> Nottingham Forest On Loan Giovanni Reyna
69%
West Ham -> Olympique Lyon On Loan (6 M) Saïd Benrahma
69%
Tottenham Hotspur -> Brentford On Loan Sergio Reguilon
69%
Getafe -> Bournemouth On Loan Enes Ünal
54%
PSG -> Eintracht Frankfurt On Loan Hugo Ekitiké
54%
Union Berlin -> Fenerbahçe Not Known Leonardo Bonucci
54%
Sao Paulo -> PSG 20 M Lucas Beraldo
54%
Blackburn Rovers -> Crystal Palace 26 M Adam Wharton
46%
Djurgården -> Tottenham Hotspur 10 M (Summer) Lucas Bergvall
46%
Marseille -> Al Hilal 23 M Renan Lodi
46%
Benfica -> FC Dallas 10 M Petar Musa
31%
No matching quizzes found
Score Distribution
Percent of People with Each Score
Percentile by Number Answered
Your Score History
You have not taken this quiz since the last reset